Normal view
MARC view
- Sipri
Entry Personal Name
001 - CONTROL NUMBER
- control field: 46948
003 - CONTROL NUMBER IDENTIFIER
- control field: NUST
005 - DATE AND TIME OF LATEST TRANSACTION
- control field: 20210314133654.0
008 - FIXED-LENGTH DATA ELEMENTS
- fixed length control field: 210314|| aca||aabn | a|a d
040 ## - CATALOGING SOURCE
- Original cataloging agency: NUST
- Transcribing agency: NUST
100 ## - HEADING--PERSONAL NAME
- Personal name: Sipri
670 ## - SOURCE DATA FOUND
- Source citation: Work cat.: (NUST): Sipri, Sipri Yearbook 1998 , 1998
